000 00481nam a2200181Ia 4500
005 20250508161034.0
008 008 250505s9999 xx 000 0 eng d
037 _aTextual
040 _aFEDL
_beng
_cFEDL
041 _aeng
_2eng
084 _a613.71, SIV
_qFEDL
100 _aSivananda
245 0 _aYoga practice
260 _aBombay, India
_bD.B. Taraporevala Sons & Co.
_c1977
300 _a64p
942 _cTEXL
_h613.71, SIV
999 _c1368072
_d1368072